00665nam a22001457a 4500003000400000020001800004082001800022100001400040245003800054250000900092260003100101300000800132650002500140653035400165SGT a9788122440638 a543.0858, KAL aKALSI P S aSPECTROSCOPY OF ORGANIC COMPOUNDS a7TH  aNEW DELHI bNEW AGE c2016 a569 aANALYTICAL CHEMISTRY a Energy-The Electromagnetic Spectrum and the Absorption Spectrum, Ultraviolet (UV) and Visible Spectroscopy, Infrared Spectroscopy (IR)., Proton Nuclear Magnetic Resonance Spectroscopy-¹H NMR, Carbon-13 NMR Spectroscopy (¹³C NMR),Two-dimensional Correlated Spectroscopy (2D COSY), Mass Spectrometry, Spectroscopic Solutions of Structural Problems